|
|
|
|
| LEADER |
00000nam a2200000 a 4500 |
| 001 |
vtls001327656 |
| 003 |
SK-MaSNL |
| 005 |
20260311121204.0 |
| 008 |
210928s1965 xr g 10000 cze |
| 020 |
|
|
|q (brož.)
|
| 035 |
|
|
|a SNK000280462
|
| 040 |
|
|
|a SNK
|b slo
|c SNK
|e AACR2
|
| 041 |
0 |
|
|a cze
|
| 043 |
|
|
|a e-cs---
|
| 044 |
|
|
|a xr
|c CZ
|
| 072 |
|
7 |
|a 321
|x Politológia
|2 konspekt
|
| 080 |
|
|
|a 321.74
|2 2001
|
| 080 |
|
|
|a 330.5+338
|2 2001
|
| 080 |
|
|
|a 331.105.44
|2 2001
|
| 080 |
|
|
|a (437)
|2 2001
|
| 080 |
|
|
|a (042.5)
|2 2001
|
| 080 |
|
|
|a (063)
|2 2001
|
| 245 |
0 |
0 |
|a Plenární zasedání Ústředního výboru Komunistické strany Československa ve dnech 27. - 29. ledna 1965
|
| 250 |
|
|
|a 1. vyd.
|
| 260 |
|
|
|a V Prahe
|b Nakladatelství politické literatury
|c 1965
|
| 300 |
|
|
|a 224 s.
|c 21 cm
|
| 500 |
|
|
|a Vyd. Ústřední výbor KSČ, Praha
|
| 500 |
|
|
|a 44000 výtl.
|
| 521 |
|
|
|a Len pre stranícky aktív
|
| 610 |
2 |
7 |
|a Komunistická strana Československa.
|b Ústredný výbor
|2 SNKKA
|9 179975
|
| 610 |
2 |
7 |
|a Revolučné odborové hnutie
|2 SNKKA
|9 36449
|
| 650 |
0 |
7 |
|a socializmus
|2 SNKPH
|9 2151
|
| 650 |
0 |
7 |
|a národné hospodárstvo
|2 SNKPH
|9 846
|
| 650 |
0 |
7 |
|a odborové hnutie
|2 SNKPH
|9 87910
|
| 651 |
|
7 |
|a Československo
|2 SNKPH
|9 21376
|
| 655 |
|
7 |
|a prejavy
|2 SNKPH
|9 70401
|
| 655 |
|
7 |
|a zborníky konferencií
|2 SNKPH
|9 70153
|
| 958 |
|
|
|a OND
|
| 999 |
|
|
|c 545706
|d 547636
|
| 952 |
|
|
|a SNK
|b SNK
|y PREZ
|7 0
|p 17A0475460
|o snkSC 19940
|i snkKIP 3163/65
|0 0
|1 0
|4 0
|d 2006-12-29
|l 0
|r 2026-02-23 12:53:59
|w 2026-02-23
|
| 952 |
|
|
|a SNK
|b SNK
|y VYP
|7 0
|p 17A0135186
|o snkSC 19940 D1
|i snkKIP 3164/65
|0 0
|1 0
|4 0
|d 1998-04-14
|l 0
|r 2005-01-02 00:00:00
|w 2026-02-23
|